000 05864nam a22004697a 4500
005 20091114111517.0
010 _aB-400212-231
020 _c350.00
_a9788171788767
035 _aB-400212-231
037 _bराजकमल प्रकाशन
082 _a
100 _aकन्हैयालाल माणिकलाल मुंशी
_922652
245 _aमहाबली भीम /
_cकन्हैयालाल माणिकलाल मुंशी ; प्रफुल्लचन्द्र ओझा 'मुक्त 'द्वारा अनुदित
250 _a10वां संस्क
260 _aनई दिल्ली
_bराजकमल प्रकाशन
_c2010
270 _a1-बी, नेताजी सुभाष मार्ग
_bनई दिल्ली
_e110002
300 _a200पृ
_c22सेमी (सजिल्द)
490 _aकृष्णावतार-4
_922653
700 _aओझा, प्रफुल्लचन्द्र 'मुक्त'
_922634
942 _2ddc
_cHN
_mकन्हैया
_h
999 _c34292
_d34292